The Sweetest Accident/ (Record no. 186976)

MARC details
000 -LEADER
fixed length control field 00551nam a22001817a 4500
005 - DATE AND TIME OF LATEST TRANSACTION
control field 20220324142027.0
010 ## - LCCN (DPL NO)
LC control number ENG-132116
020 ## - INTERNATIONAL STANDARD BOOK NUMBER
International Standard Book Number 9788195230686
Terms of availability 299.00
035 ## - SYSTEM CONTROL NUMBER
System control number EN-115648
037 ## - SOURCE OF ACQUISITION
Source of stock number/acquisition DBAD/PUB
082 ## - DEWEY DECIMAL CLASSIFICATION NUMBER
Classification number S
100 ## - MAIN ENTRY--PERSONAL NAME
Personal name Sharma, Shrey
245 ## - TITLE STATEMENT
Title The Sweetest Accident/
Statement of responsibility, etc Shrey Sharma
260 ## - PUBLICATION, DISTRIBUTION, ETC. (IMPRINT)
Place of publication, distribution, etc Noida
Name of publisher, distributor, etc Jitendra Anand Infratech Private Limited
Date of publication, distribution, etc 2021
270 ## - ADDRESS
Address 2203, Express Trade Towers-2, Sector-132
City Noida
Postal code 201304
Electronic mail address jai3e.wordpress.com
300 ## - PHYSICAL DESCRIPTION
Extent 273p
Other physical details Acknowledgements
Dimensions 21cm(pbk)
942 ## - ADDED ENTRY ELEMENTS (KOHA)
Source of classification or shelving scheme Dewey Decimal Classification
Item type English Books
Call number suffix SHA
Classification part S
Holdings
Withdrawn status Lost status Not for loan Collection code Home library Current library Date acquired Source of acquisition Cost, normal purchase price Full call number Barcode Copy number Cost, replacement price Koha item type
      Non-fiction Central Library Central Library 24/03/2022 DBAD/PUB 299.00 S SHA EN-115648 1 299.00 English Books

© Delhi Public Library
Hit Counter
free hit counter